Greek alphabet - Sudden Death - Statistics

General Stats
  • This quiz has been taken 145 times
  • The average score is 10 of 24
Answers on the Grid
Answers color-coded by a green-red scale on the quiz's grid according to % correct below.
Α
Β
Γ
Δ
Ε
Ζ
Η
Θ
Ι
Κ
Λ
Μ
Ν
Ξ
Ο
Π
Ρ
Σ
Τ
Υ
Φ
Χ
Ψ
Ω
C
D
F
G
J
L
Q
R
S
U
V
Э
Б
Д
Ж
З
И
Ц
Ч
Ш
Ъ
Ю
Я
 
Answer Stats
Answer % Correct
Ω
65%
Σ
64%
Δ
62%
Φ
58%
Ψ
58%
Θ
57%
Ξ
48%
Λ
44%
Κ
40%
Γ
39%
Π
39%
Β
36%
Χ
35%
Α
33%
Υ
33%
Ο
31%
Τ
31%
Μ
29%
Ρ
29%
Η
27%
Ν
26%
Ε
24%
Ι
24%
Ζ
23%
No matching quizzes found
Score Distribution
Percent of People with Each Score
Percentile by Number Answered
Your Score History
You have not taken this quiz